Catálogo público

Influencia de la húmedad del grado en la variación de la susceptibilidad de dos variedades de frijol, al ataque de Acanthoscelides obtectus (Say) (Coleóptera) : (Record no. 201360)

MARC details
000 -CABECERA
campo de control de longitud fija 01072nam a2200277Ia 4500
001 - NÚMERO DE CONTROL
campo de control Para_2845
003 - IDENTIFICADOR DEL NÚMERO DE CONTROL
campo de control CHAP
008 - DATOS DE LONGITUD FIJA--INFORMACIÓN GENERAL
campo de control de longitud fija 220125s1988 xx 000 0 und d
010 ## - NÚMERO DE CONTROL DE LA BIBLIOTECA DEL CONGRESO
Número de control de LC 201360
040 ## - FUENTE DE LA CATALOGACIÓN
Centro/agencia transcriptor CHAP
090 ## - LOCALMENTE ASIGNADO TIPO-LC NÚMERO DE CLASIFICACIÓN (OCLC); NÚMERO DE CLASIFICACIÓN LOCAL (RLIN)
Número de clasificación (OCLC) (R) ; Numero de clasificación, CALL (RLIN) (NR) PA TESIS 470
100 ## - ENTRADA PRINCIPAL--NOMBRE DE PERSONA
Nombre de persona Martínez García, Maricela
9 (RLIN) 72067
245 ## - MENCIÓN DE TÍTULO
Título Influencia de la húmedad del grado en la variación de la susceptibilidad de dos variedades de frijol, al ataque de Acanthoscelides obtectus (Say) (Coleóptera) :
Resto del título Bruchidae /
Mención de responsabilidad, etc. por Maricela Martínez García
260 ## - PUBLICACIÓN, DISTRIBUCIÓN, ETC.
Lugar de publicación, distribución, etc. Chapingo, Méx. :
Nombre del editor, distribuidor, etc. El autor
300 ## - DESCRIPCIÓN FÍSICA
Extensión 46 p.
502 ## - NOTA DE TESIS
Nota de tesis Tesis (M.C. Esp. en Entomología) -- C.P. Centro de Entomología y Acarología
650 ## - PUNTO DE ACCESO ADICIONAL DE MATERIA--TÉRMINO DE MATERIA
Término de materia o nombre geográfico como elemento de entrada Frijol
Subdivisión general Contenido de húmedad Acanthoscelides obtectus Frijol
-- Plagas
9 (RLIN) 166267
710 ## - PUNTO DE ACCESO ADICIONAL--NOMBRE DE ENTIDAD CORPORATIVA
Nombre de entidad corporativa o nombre de jurisdicción como elemento de entrada Colegio de Postgraduados. Chapingo, Méx. Centro de Entomología y Acarología
9 (RLIN) 25077
901 ## - ELEMENTOS DE DATOS A LOCAL LDA (RLIN)
a PA TESIS 470
902 ## - ELEMENTOS DE DATOS B LOCAL, LDB (RLIN)
a A
905 ## - ELEMENTOS DE DATOS E LOCAL, LDE (RLIN)
a 0000001988 CHA 0000000000 00
910 ## - DATOS DE OPCIÓN DEL USUARIO (OCLC)
Datos de opción del usuario 1988
942 ## - ELEMENTOS DE PUNTO DE ACCESO ADICIONAL (KOHA)
Tipo de ítem Koha Parasitologia_
942 ## - ELEMENTOS DE PUNTO DE ACCESO ADICIONAL (KOHA)
Tipo de ítem Koha Parasitologia_
-- 1
Holdings
Estado de retiro Estado de pérdida Fuente del sistema de clasificación o colocación Estado dañado Restricciones de uso No para préstamo Código de colección Localización permanente Ubicación/localización actual Fecha de adquisición Información codificada de la localización en otra ubicación Número de inventario Total de préstamos Signatura topográfica completa Código de barras Fecha visto por última vez Número de copia Precio válido a partir de Tipo de ítem Koha Nota pública
    Clasificación Universidad Autónoma de Chapingo   Préstamo 3 días   Tesis Parasitologia Agricola Parasitologia Agricola 27/10/2005 PARA (PA_414-2) (No. UACh CONSUMO)   PA TESIS 470 4101000651 25/01/2022 Ej.2 25/01/2022 Tesis 3
    Clasificación Universidad Autónoma de Chapingo   Préstamo interno   Tesis Parasitologia Agricola Parasitologia Agricola 27/10/2005 PARA (PA_414) (No. UACh CONSUMO)   PA TESIS 470 4101000650 25/01/2022 Ej.1 25/01/2022 Tesis 3